Computers and Information Systems / (Record no. 193284)
[ view plain ]
| 000 -LEADER | |
|---|---|
| fixed length control field | 00736 a2200193 4500 |
| 003 - CONTROL NUMBER IDENTIFIER | |
| control field | Nust |
| 005 - DATE AND TIME OF LATEST TRANSACTION | |
| control field | 20230526084350.0 |
| 020 ## - INTERNATIONAL STANDARD BOOK NUMBER | |
| International Standard Book Number | 0805369465 |
| 040 ## - CATALOGING SOURCE | |
| Transcribing agency | Nust |
| 082 ## - DEWEY DECIMAL CLASSIFICATION NUMBER | |
| Classification number | 004,OLE |
| 100 ## - MAIN ENTRY--PERSONAL NAME | |
| Personal name | Oleary, Timothy J. |
| 9 (RLIN) | 112644 |
| 245 ## - TITLE STATEMENT | |
| Title | Computers and Information Systems / |
| Statement of responsibility, etc. | Timothy J. O'Leary and Brain K. Williams |
| 250 ## - EDITION STATEMENT | |
| Edition statement | 2nd |
| 260 ## - PUBLICATION, DISTRIBUTION, ETC. | |
| Place of publication, distribution, etc. | New York |
| Name of publisher, distributor, etc. | The Benjamin |
| Date of publication, distribution, etc. | 1989 |
| 300 ## - PHYSICAL DESCRIPTION | |
| Extent | 353 p. |
| 505 ## - FORMATTED CONTENTS NOTE | |
| Formatted contents note | Part.1 The New Tool for Business Enterprise (Page-1), Part.2 The Uses of Software (Page-36), Part.3 The uses of Hardware (Page-98), Part.4 Computer-Based Information Systems (Page-198), Part.5 The Rewards and Risks of the Information age (Page-269). |
| 650 ## - SUBJECT ADDED ENTRY--TOPICAL TERM | |
| Topical term or geographic name entry element | Compute systems |
| 9 (RLIN) | 112645 |
| 942 ## - ADDED ENTRY ELEMENTS (KOHA) | |
| Source of classification or shelving scheme | |
| Koha item type | Book Bank |
| Withdrawn status | Lost status | Source of classification or shelving scheme | Damaged status | Not for loan | Permanent Location | Current Location | Shelving location | Date acquired | Full call number | Barcode | Date last seen | Price effective from | Koha item type | Public note |
|---|---|---|---|---|---|---|---|---|---|---|---|---|---|---|
| Military College of Signals (MCS) | Military College of Signals (MCS) | General Stacks | 12/12/2016 | 004,OLE | MCS1803 | 12/08/2016 | 12/12/2016 | Book | Almirah No.79, Shelf No.2 |
